000 00608nam a2200193Ia 4500
005 20250508164803.0
008 008 250505s9999 xx 000 0 eng d
037 _aTheses
040 _aFEDL
_beng
_cFEDL
041 _aeng
_2eng
084 _a420.7, SAR/TH
_qFEDL
100 _aSarma Madan Mohan
_9779172
245 0 _aError in the written english of Assamese learners at the higher secondary level : A study of pedagogical implications
260 _c1990
300 _a284p.
546 _aPH.D Thesis (Dibrugarh University)
942 _cTH
_h420.7, SAR/TH
999 _c1391170
_d1391170